Funding transport systems: a comparison among developed countries

Збережено в:
Бібліографічні деталі
Автори: Nakagawa, Dai (Автор), Matsunaka, Ryoji (Автор)
Формат: Книга
Мова:Англійська
Опубліковано: Oxford Pergamon 1997
Серія:Pergamon Books
Предмети:
Теги: Додати тег
Немає тегів, Будьте першим, хто поставить тег для цього запису!

MARC

LEADER 00000nam a2200000 a 4500
001 UCP1747
003 CL-VaPUC
008 990426e19970000UK |||||||||||||||||eng|d
082 0 4 |a 388  |b NAK  |2 21 
100 0 |a Nakagawa, Dai  |e author  |9 427952 
700 0 |a Matsunaka, Ryoji  |e author  |9 427953 
245 1 0 |a Funding transport systems: a comparison among developed countries 
300 |a 190 p 
942 |c BK 
945 |d 19990426 00:00:00  |a rbrito 
260 |a Oxford  |b Pergamon  |c 1997 
650 7 |a TRANSPORTE  |2 CL-VaPUC  |9 256365 
650 7 |a POLITICA DE TRANSPORTE  |2 CL-VaPUC  |9 388786 
650 0 |a Aspectos económicos  |9 255165 
651 0 |a Francia  |9 255157 
651 0 |a Estados Unidos  |9 255178 
651 0 |a Japón   |9 260391 
651 0 |a Inglaterra  |9 255158 
583 |a last modification  |c 19990426 00:00:00  |k Rodrigo Vera 
490 0 |a Pergamon Books 
999 |c 280391  |d 280389 
952 |0 0  |1 0  |4 0  |6 388_000000000000000_NAK_1997  |7 0  |8 A  |9 320671  |a BIBING  |b BIBING  |d 2019-11-20  |i 3506304  |o 388 NAK 1997  |p 3506304  |r 2025-01-20  |w 2019-11-20  |y BK  |k TRA